Case in point (Record no. 104218)

MARC details
000 -LEADER
fixed length control field 01331cam a2200277 4500
001 - CONTROL NUMBER
control field ##E129497
008 - FIXED-LENGTH DATA ELEMENTS--GENERAL INFORMATION
fixed length control field 050425n2005 000 0 eng u
020 ## - INTERNATIONAL STANDARD BOOK NUMBER
International Standard Book Number 1842192299
035 ## - SYSTEM CONTROL NUMBER
System control number (Sirsi) u129497
041 0# - LANGUAGE CODE
Language code of text/sound track or separate title eng
050 04 - LIBRARY OF CONGRESS CALL NUMBER
Classification number 336.271
-- 18
100 1# - MAIN ENTRY--PERSONAL NAME
Personal name Potts, Julian
245 00 - TITLE STATEMENT
Title Case in point
Remainder of title VAT in property and construction
260 ## - PUBLICATION, DISTRIBUTION, ETC.
Place of publication, distribution, etc. Coventry
Name of publisher, distributor, etc. RICS
Date of publication, distribution, etc. 2005
300 ## - PHYSICAL DESCRIPTION
Extent xxx,164p. ; 21cm.
350 ## - PRICE (NR) (BK AM CF MU VM SE) [OBSOLETE]
Price £19.95
490 #0 - SERIES STATEMENT
Series statement RICS Case in Point Series
520 ## - SUMMARY, ETC.
Summary, etc. Aimed primarily at the quantity surveyor, this is a practical case based guide that gives rapid insight into all the key legal issues. It is a first point of reference for the non-specialist. Based on summaries of VAT cases, this guide covers: legislation; operation of VAT; concept of a VAT 'supply'; compliance issues; commercial property transactions; option to tax; sales and letting of residential property; 'relevant' residential and charitable purpose buildings; listed buildings; urban regeneration and energy efficient construction; and the 5% VAT rate.
590 ## - LOCAL NOTE (RLIN)
Local note IKA081005
650 24 - SUBJECT ADDED ENTRY--TOPICAL TERM
Topical term or geographic name entry element VALUE ADDED TAXATION
650 24 - SUBJECT ADDED ENTRY--TOPICAL TERM
Topical term or geographic name entry element VALUE ADDED TAX
690 ## - LOCAL SUBJECT ADDED ENTRY--TOPICAL TERM (OCLC, RLIN)
Topical term or geographic name as entry element PROPERTY-COMMERCIAL PROPERTY-COMMERCIAL PROPERTY TAXATION
690 ## - LOCAL SUBJECT ADDED ENTRY--TOPICAL TERM (OCLC, RLIN)
Topical term or geographic name as entry element PROPERTY-RESIDENTIAL PROPERTY-RESIDENTIAL PROPERTY TAXATION
942 ## - ADDED ENTRY ELEMENTS (KOHA)
Suppress in OPAC 0
Holdings
Withdrawn status Lost status Source of classification or shelving scheme Damaged status Not for loan Home library Current library Shelving location Date acquired Total Checkouts Full call number Barcode Date last seen Copy number Price effective from Koha item type Date last checked out
    Dewey Decimal Classification     London London RICS Boxes 09/11/2005   RICS 2005/34 30070022 06/08/2019 1 06/08/2019 Archive  
    Dewey Decimal Classification     London London Books 09/11/2005   336.271 POT 30070023 06/08/2019 1 06/08/2019 Reference material  
    Dewey Decimal Classification     London London Books 09/11/2005 19 336.271 POT 30070024 06/08/2019 2 06/08/2019 Book 09/04/2009